Joueurs Français ayant joué à Arsenal - Statistiques

Statistiques générales
  • Ce quiz a été pris 501 fois
  • Le résultat moyen est 13 sur 28
Statistiques - réponses
Ayant joué de Jusqu'à Club précédent Club suivant Match au Bayern Club suivant % Correct
03.08.1999 01.07.2007 Juventus Turin FC Barcelone 377 Thierry Henry
91%
25.07.2019 15.07.2021 AS Saint-Étienne Olympique de Marseille 134 William Saliba
87%
05.07.2017 01.07.2022 Olympique Lyonnais Olympique Lyonnais 206 Alexandre Lacazette
86%
01.07.2012 31.01.2018 Montpellier Hérault SC Chelsea FC 253 Olivier Giroud
82%
11.07.2008 24.08.2011 Olympique de Marseille Manchester City 125 Samir Nasri
72%
14.08.1996 15.07.2005 AC Milan Juventus Turin 405 Patrick Vieira
71%
07.07.2010 06.08.2019 FC Lorient FC Girondins de Bordeaux 353 Laurent Koscielny
69%
03.07.2000 01.07.2006 Olympique de Marseille Villarreal CF 284 Robert Pirès
67%
12.07.2007 01.07.2014 AJ Auxerre Manchester City 284 Bacary Sagna
55%
01.07.1997 28.07.2000 AS Monaco FC Barcelone 118 Emmanuel Petit
54%
04.08.2003 04.07.2011 AS Cannes Manchester City 264 Gaël Clichy
53%
22.02.1997 02.08.1999 Paris Saint-Germain Real Madrid 90 Nicolas Anelka
53%
11.07.2018 05.10.2020 FC Lorient Hertha BSC 82 Mattéo Guendouzi
52%
21.07.2004 01.07.2008 Olympique de Marseille AC Milan 246 Mathieu Flamini
44%
31.08.2006 20.08.2010 Chelsea FC Tottenham Hotspur 142 William Gallas
43%
13.01.2006 28.07.2015 AJ Auxerre Olympique de Marseille 180 Abou Diaby
41%
17.07.2014 01.02.2016 Newcastle United FC Girondins de Bordeaux 30 Mathieu Debuchy
34%
26.08.2000 31.08.2004 FC Girondins de Bordeaux Olympique Lyonnais 174 Sylvain Wiltord
34%
31.08.2007 17.01.2008 Chelsea FC FC Portsmouth 12 Lassana Diarra
31%
01.07.2011 05.07.2013 Arsenal FC U21 SC Fribourg 160 Francis Coquelin
26%
26.08.2010 16.07.2013 Séville FC SC Bastia 39 Sébastien Squillaci
22%
01.07.2013 01.02.2016 AJ Auxerre Charlton Athletic 20 Yaya Sanogo
19%
01.07.2001 01.07.2005 Arsenal FC U18 Celtic Glasgow 50 Jérémie Aliadière
18%
20.08.2008 30.08.2010 Manchester United SV Werder Bremen 43 Mikaël Silvestre
17%
11.07.2002 31.08.2006 LOSC Lille Villarreal CF 98 Pascal Cygan
16%
01.07.1997 01.01.2003 AS Monaco Colorado Rapids 169 Gilles Grimandi
12%
14.08.1996 01.07.1999 RC Strasbourg Alsace Fin de carrière 41 Rémi Garde
12%
01.07.1998 01.07.1999 AS Saint-Étienne AS Saint-Étienne 4 David Grondin
1%
Aucun quiz correspondant
Distribution des résultats
% des personnes avec chaque résultat
Percentile par nombre de réponses
Votre historique - résultats
Vous n’avez pas pris ce quiz